Forever young : (Record no. 365363)
[ view plain ]
| 000 -LEADER | |
|---|---|
| fixed length control field | 01445cam a2200373 i 4500 |
| 001 - CONTROL NUMBER | |
| control field | on1265040760 |
| 003 - CONTROL NUMBER IDENTIFIER | |
| control field | OCoLC |
| 005 - DATE AND TIME OF LATEST TRANSACTION | |
| control field | 20210921131107.0 |
| 008 - FIXED-LENGTH DATA ELEMENTS--GENERAL INFORMATION | |
| fixed length control field | 210825t20212021nyuaf 000 0aeng d |
| 010 ## - LIBRARY OF CONGRESS CONTROL NUMBER | |
| LC control number | 2021940335 |
| 020 ## - INTERNATIONAL STANDARD BOOK NUMBER | |
| International Standard Book Number | 9781538704196 (hardcover) |
| 020 ## - INTERNATIONAL STANDARD BOOK NUMBER | |
| International Standard Book Number | 1538704196 (hardcover) |
| 035 ## - SYSTEM CONTROL NUMBER | |
| System control number | (OCoLC)1265040760 |
| Canceled/invalid control number | (OCoLC)1230232937 |
| -- | (OCoLC)1262791210 |
| 035 ## - SYSTEM CONTROL NUMBER | |
| System control number | 1717097 |
| 040 ## - CATALOGING SOURCE | |
| Original cataloging agency | NjBwBT |
| Language of cataloging | eng |
| Description conventions | rda |
| Transcribing agency | OQX |
| Modifying agency | OQX |
| -- | YDX |
| -- | BDX |
| -- | MJ8 |
| -- | OCLCQ |
| -- | OCLCO |
| -- | OI6 |
| -- | IH9 |
| -- | DAD |
| 043 ## - GEOGRAPHIC AREA CODE | |
| Geographic area code | e-uk--- |
| 092 ## - LOCALLY ASSIGNED DEWEY CALL NUMBER (OCLC) | |
| Classification number | 92 Mil |
| 100 1# - MAIN ENTRY--PERSONAL NAME | |
| Personal name | Mills, Hayley, |
| Relator term | author. |
| 9 (RLIN) | 39966 |
| 245 10 - TITLE STATEMENT | |
| Title | Forever young : |
| Remainder of title | a memoir / |
| Statement of responsibility, etc | Hayley Mills. |
| 250 ## - EDITION STATEMENT | |
| Edition statement | First edition. |
| 264 #1 - Production, Publication, Distribution, Manufacture, and Copyright Notice. | |
| Place of production, publication, distribution, manufacture | New York : |
| Name of producer, publisher, distributor, manufacturer | Grand Cenral Publishing, |
| Date of production, publication, distribution, manufacture, or copyr | 2021. |
| 264 #4 - Production, Publication, Distribution, Manufacture, and Copyright Notice. | |
| Date of production, publication, distribution, manufacture, or copyr | ©2021. |
| 300 ## - PHYSICAL DESCRIPTION | |
| Extent | 377 pages, 16 unnumbered pages of plates : |
| Other physical details | illustrations (some color) ; |
| Dimensions | 24 cm. |
| 336 ## - Content Type | |
| Content type term | text |
| 337 ## - Media type | |
| Media type term | unmediated |
| 338 ## - Carrier type | |
| Carrier type term | volume |
| 520 ## - SUMMARY, ETC. | |
| Summary, etc | The iconic actress looks back on her days as a child star for Disney, as well as the challenges of dealing with an industry that wanted her to remain to bound to a wholesome, youthful public image. |
| 600 10 - SUBJECT ADDED ENTRY--PERSONAL NAME | |
| Personal name | Mills, Hayley. |
| 9 (RLIN) | 39966 |
| 650 #0 - SUBJECT ADDED ENTRY--TOPICAL TERM | |
| Topical term or geographic name as entry element | Child actors |
| Form subdivision | Biography. |
| 9 (RLIN) | 6428061 |
| 650 #0 - SUBJECT ADDED ENTRY--TOPICAL TERM | |
| Topical term or geographic name as entry element | Motion picture actors and actresses |
| Geographic subdivision | Great Britain |
| Form subdivision | Biography. |
| 9 (RLIN) | 5753576 |
| 655 #7 - INDEX TERM--GENRE/FORM | |
| Genre/form data or focus term | Autobiographies. |
| Source of term | lcgft. |
| 907 ## - LOCAL DATA ELEMENT G, LDG (RLIN) | |
| a | .b456811977 |
| 942 ## - ADDED ENTRY ELEMENTS (KOHA) | |
| Source of classification or shelving scheme | Dewey Decimal Classification |
| Koha item type | BOOK |
| Withdrawn status | Lost status | Source of classification or shelving scheme | Damaged status | Not for loan | Collection code | Home library | Current library | Shelving location | Date acquired | Source of acquisition | Total Checkouts | Total Renewals | Full call number | Barcode | Date last seen | Date checked out | Cost, replacement price | Price effective from | Koha item type |
|---|---|---|---|---|---|---|---|---|---|---|---|---|---|---|---|---|---|---|---|
| Dewey Decimal Classification | General NonFiction | Wasatch County Library | Wasatch County Library | Second Floor | 09/21/2021 | Micromarketing | 3 | 3 | 92 Mil | 34301000773954 | 04/01/2024 | 11/05/2021 | 30.00 | 09/21/2021 | BOOK |
